5 Random Countries on the World Map in 15 Seconds - Statistics

General Stats
  • This quiz has been taken 312 times
  • The average score is 4 of 5
Answers on the Map
Answers color-coded by a green-red scale on the quiz's map according to % correct below.
 
Answer Stats
country % Correct
Algeria
100%
Andorra
100%
Angola
100%
Antigua and Barbuda
100%
Argentina
100%
Australia
100%
Austria
100%
Bangladesh
100%
Belarus
100%
Belgium
100%
Belize
100%
Bolivia
100%
Bosnia and Herzegovina
100%
Botswana
100%
Cabo Verde
100%
Canada
100%
Central African Republic
100%
Chad
100%
China
100%
Colombia
100%
Congo
100%
Côte d'Ivoire
100%
Cuba
100%
Czechia
100%
Denmark
100%
Dominican Republic
100%
Ecuador
100%
Egypt
100%
Estonia
100%
Eswatini
100%
Ethiopia
100%
Finland
100%
France
100%
Gabon
100%
Georgia
100%
Germany
100%
Ghana
100%
Greece
100%
Guatemala
100%
Guyana
100%
Iceland
100%
Indonesia
100%
Iran
100%
Iraq
100%
Italy
100%
Jamaica
100%
Japan
100%
Kazakhstan
100%
Kenya
100%
Kiribati
100%
Kosovo
100%
Kuwait
100%
Lebanon
100%
Libya
100%
Liechtenstein
100%
Madagascar
100%
Malawi
100%
Malaysia
100%
Mali
100%
Mauritania
100%
Mexico
100%
Moldova
100%
Monaco
100%
Morocco
100%
Myanmar
100%
New Zealand
100%
Nigeria
100%
North Korea
100%
Norway
100%
Oman
100%
Pakistan
100%
Panama
100%
Papua New Guinea
100%
Peru
100%
Philippines
100%
Poland
100%
Portugal
100%
Qatar
100%
Romania
100%
Rwanda
100%
Saint Kitts and Nevis
100%
Saudi Arabia
100%
Seychelles
100%
Slovakia
100%
Somalia
100%
South Korea
100%
South Sudan
100%
Sri Lanka
100%
Sudan
100%
Sweden
100%
Syria
100%
Tanzania
100%
Timor-Leste
100%
Togo
100%
Tunisia
100%
Turkmenistan
100%
United Kingdom
100%
United States
100%
Vatican City
100%
Venezuela
100%
Yemen
100%
Zambia
100%
Zimbabwe
100%
Cambodia
83%
Ukraine
83%
Bhutan
80%
Burundi
80%
Eritrea
80%
India
80%
Djibouti
75%
Ireland
75%
São Tomé and Príncipe
75%
Suriname
75%
Switzerland
75%
Taiwan
75%
Maldives
71%
Bahamas
67%
Benin
67%
El Salvador
67%
Guinea-Bissau
67%
Honduras
67%
Jordan
67%
Laos
67%
Nicaragua
67%
Paraguay
67%
Slovenia
67%
South Africa
67%
Spain
67%
Tuvalu
67%
United Arab Emirates
67%
Vietnam
67%
Uganda
60%
Azerbaijan
50%
Bahrain
50%
Comoros
50%
Croatia
50%
Cyprus
50%
Dominica
50%
Equatorial Guinea
50%
Latvia
50%
Lesotho
50%
Liberia
50%
Marshall Islands
50%
Mauritius
50%
Mozambique
50%
Niger
50%
North Macedonia
50%
Senegal
50%
Serbia
50%
Singapore
50%
Solomon Islands
50%
Uruguay
50%
Uzbekistan
50%
Vanuatu
50%
Saint Lucia
40%
Afghanistan
33%
Albania
33%
Brunei
33%
Costa Rica
33%
Guinea
33%
Hungary
33%
Luxembourg
33%
Nauru
33%
Samoa
33%
Tonga
33%
Gambia
25%
Israel
25%
Armenia
0%
Barbados
0%
Brazil
0%
Bulgaria
0%
Burkina Faso
0%
Cameroon
0%
Chile
0%
Democratic Republic of the Congo
0%
Fiji
0%
Grenada
0%
Haiti
0%
Kyrgyzstan
0%
Lithuania
0%
Malta
0%
Micronesia
0%
Mongolia
0%
Montenegro
0%
Namibia
0%
Nepal
0%
Netherlands
0%
Palau
0%
Russia
0%
Saint Vincent and the Grenadines
0%
San Marino
0%
Sierra Leone
0%
Tajikistan
0%
Thailand
0%
Trinidad and Tobago
0%
Turkey
0%
No matching quizzes found
Score Distribution
Percent of People with Each Score
Percentile by Number Answered
Your Score History
You have not taken this quiz